000 00661nam a22002057a 4500
005 20161124145310.0
010 _aENG-116636
020 _c495.00
_a9788180386732
035 _aEN-100168
037 _bDBAD/PUB
082 _a346.54082
245 _aMulla the Indian contract act :
_cby Dinshah Fardunji Mullla
250 _a13th ed. 2011 by Anirudh Wadhwa
260 _aGurgaon
_bLexisNexis
_c2016
270 _a14th Floor, Building No.10, Tower-B, DLF Cyber City, Phase-II,
_bGurgaon
_e122002
300 _axiv, 374p
_c24cm(Hb)
490 _aLexisNexis student series
500 _aIncludes index
942 _2ddc
_cEN
_h346.5402
_mMUL
999 _c104748
_d104748